| 000 | 00656nam a2200193 4500 | ||
|---|---|---|---|
| 001 | 148848 | ||
| 003 | ES-MaACL | ||
| 005 | 20230906202832.0 | ||
| 007 | t| | ||
| 008 | 070214s1923 sp r ||||1| spa d | ||
| 100 | 1 |
_aSuess, Eduard. _9108731 |
|
| 245 | 1 | 3 |
_aLa faz de la tierra _b: = (Das antlitz der erde) / _cpor Eduardo Suess ; versión española de Pedro de Novo y F. Chicarro. |
| 260 |
_aMadrid : _b[s. n.], _c1923 ( _fImp. Ramona Velasco) |
||
| 300 |
_a4 v. : _bil. ; _c25 x 17 cm. |
||
| 700 | 1 |
_aNovo y Fernández Chicarro, Pedro de. _986092 |
|
| 700 | 1 |
_aChicarro, F. _938480 |
|
| 740 | 0 | _aDas antlitz der erde. | |
| 852 |
_aES-MaACL _jA-3368-71 |
||
| 999 |
_c148848 _d148848 |
||